Acta anthropologica : Estructura y dinámica de Mesoamérica :

I tiakina i:
Ngā taipitopito rārangi puna kōrero
Kaituhi matua: Olivé Negrete, Julio César (autor)
Ētahi atu kaituhi: Olivé Negrete, Julio César (dirección) (dirección)
Hōputu: Pukapuka
Reo:Pāniora
Ngā marau:
Ngā Tūtohu: Tāpirihia he Tūtohu
Kāore He Tūtohu, Me noho koe te mea tuatahi ki te tūtohu i tēnei pūkete!

MARC

LEADER 00000nam^a2200000^a^4500
001 000099942
005 20250521000000.0
009 20260310093145.913
037 |a Acervo ITESO - Biblioteca 
041 |a ESP 
082 |a 300. 5  |b ACT 1958 V. 1 T. 3 
100 |a Olivé Negrete, Julio César  |e (autor) 
240 1 1 |a [Acta anthropologica] 
245 1 0 |a Acta anthropologica :  |b Estructura y dinámica de Mesoamérica :  |b ensayo sobre sus problemas conceptuales, integrativos y evolutivos /  |c J.C. Olivé Negrete ; dir. de J.C. Olivé Negrete. 
264 |a México :  |b Escuela Nacional de Antropología e Historia, Sociedad de Alumnos,  |c 1958 
300 |a 154 p. 
336 |a texto  |b txt  |2 rdacontenido 
337 |a sin mediación  |b n  |2 rdamedio 
338 |a volumen  |b nc  |2 rdasoporte 
649 |a XX 
650 |a Antropología -  |x Publicaciones Periódicas Mexicanas 
650 |a Cambios Sociales y Culturales -  |z México -  |x Historia -  |y Epoca Prehispánica 
650 |a Cambios Sociales y Culturales -  |z América Central -  |x Historia -  |y Epoca Prehispánica 
650 |a Arqueología 
650 |a México -  |x Historia -  |y Epoca Prehispánica 
650 |a América Central -  |x Historia -  |y Epoca Prehispánica 
700 |a Olivé Negrete, Julio César  |e (dirección) 
910 |a Fondo Salvador Reynoso Reynoso 
920 |a Impresos - Libros 
930 |a Fondos Especiales 
905 |a 112 
901 |a 0500034674  |b IT2  |c ESP  |u 20250521 
902 |a https://opac.biblio.iteso.mx/vufind/Record/000099942